ARRUPE JESUIT UNIVERSITY

CORONAVIRUS -STOP THE SPREAD - CLEAN,DISINFECT,COVER

Société et religion des Zela (Rép. du Zaïre) / (Record no. 127924)

MARC details
000 -LEADER
fixed length control field 00930cam a2200265 a 4500
001 - CONTROL NUMBER
control field 1943469
003 - CONTROL NUMBER IDENTIFIER
control field ARRUPE
005 - DATE AND TIME OF LATEST TRANSACTION
control field 20180412102651.0
008 - FIXED-LENGTH DATA ELEMENTS--GENERAL INFORMATION
fixed length control field 881020s1985 cg a b 000 0 fre
010 ## - LIBRARY OF CONGRESS CONTROL NUMBER
LC control number 86210139
040 ## - CATALOGING SOURCE
Original cataloging agency DLC
Transcribing agency DLC
Modifying agency DLC
043 ## - GEOGRAPHIC AREA CODE
Geographic area code f-cg---
050 00 - LIBRARY OF CONGRESS CALL NUMBER
Classification number DT650.Z44
Item number B68 1985
082 00 - DEWEY DECIMAL CLASSIFICATION NUMBER
Classification number 306/.09675/1
Edition number 19
300 ## - PHYSICAL DESCRIPTION
Other physical details ill. ;
Dimensions 27 cm.
100 1# - MAIN ENTRY--PERSONAL NAME
Personal name Boulanger, André.
9 (RLIN) 41496
245 10 - TITLE STATEMENT
Title Société et religion des Zela (Rép. du Zaïre) /
Statement of responsibility, etc André Boulanger.
260 ## - PUBLICATION, DISTRIBUTION, ETC. (IMPRINT)
Place of publication, distribution, etc Bandundu, République du Zaïre :
Name of publisher, distributor, etc CEEBA,
Date of publication, distribution, etc 1985.
300 ## - PHYSICAL DESCRIPTION
Extent 267 p. :
490 1# - SERIES STATEMENT
Series statement CEEBA publications. Série II ;
Volume number/sequential designation vol. 82
504 ## - BIBLIOGRAPHY, ETC. NOTE
Bibliography, etc Bibliography: p. 263-267.
650 #0 - SUBJECT ADDED ENTRY--TOPICAL TERM
Topical term or geographic name as entry element Zela (African people)
General subdivision Social life and customs.
9 (RLIN) 41497
650 #0 - SUBJECT ADDED ENTRY--TOPICAL TERM
Topical term or geographic name as entry element Zela (African people)
General subdivision Religion.
9 (RLIN) 41498
830 #0 - SERIES ADDED ENTRY--UNIFORM TITLE
Uniform title Publications (Ceeba).
Number of part/section of a work Série II ;
Volume number/sequential designation v. 82.
9 (RLIN) 41499
906 ## - LOCAL DATA ELEMENT F, LDF (RLIN)
a 7
b cbc
c orignew
d 4
e ncip
f 19
g y-gencatlg
942 ## - ADDED ENTRY ELEMENTS (KOHA)
Source of classification or shelving scheme Library of Congress Classification
Koha item type Monograph ( Printed materials)
Holdings
Withdrawn status Lost status Source of classification or shelving scheme Damaged status Not for loan Collection code Home library Current library Shelving location Date acquired Total Checkouts Full call number Barcode Date last seen Price effective from Koha item type
    Library of Congress Classification     Main Collection ARRUPE LIBRARY ARRUPE LIBRARY Main Collection 12/04/2018   DT650.Z44 B68 1985 46600001796 12/04/2018 12/04/2018 Monograph ( Printed materials)

 

Arrupe Library. PO Box MP320 Mt Pleasant, Harare, Zimbabwe
263 242 745411|librarian@aju.ac.zw